Normal view
MARC view
- الاقتصاد الاسلامي- سياسة اقتصادية
Entry Topical Term
001 - CONTROL NUMBER
- control field: 53260
003 - CONTROL NUMBER IDENTIFIER
- control field: JO-AjAnu
005 - DATE AND TIME OF LATEST TRANSACTION
- control field: 20230606082741.0
008 - FIXED-LENGTH DATA ELEMENTS
- fixed length control field: 230606|| aca||aabn | a|a d
040 ## - CATALOGING SOURCE
- Original cataloging agency: JO-AjAnu
- Transcribing agency: JO-AjAnu
150 ## - HEADING--TOPICAL TERM
- Topical term or geographic name entry element: الاقتصاد الاسلامي- سياسة اقتصادية
670 ## - SOURCE DATA FOUND
- Source citation: Work cat.: (JO-AjAnu)27210: الخياط، عبد العزيز عزت, author 53259, بحوث إقتصادية ج2: الصناديق الإستثمارية الإسلامية